Every trainer's handbook / (Record no. 37456)

MARC details
000 -LEADER
fixed length control field 00758nam a22002177a 4500
005 - DATE AND TIME OF LATEST TRANSACTION
control field 20100723161933.0
010 ## - LCCN (DPL NO)
LC control number ENG-96546
020 ## - INTERNATIONAL STANDARD BOOK NUMBER
International Standard Book Number 9788132100812
Terms of availability 495.00
035 ## - SYSTEM CONTROL NUMBER
System control number EN-80079
037 ## - SOURCE OF ACQUISITION
Source of stock number/acquisition Westland
082 ## - DEWEY DECIMAL CLASSIFICATION NUMBER
Classification number 658.314321
100 ## - MAIN ENTRY--PERSONAL NAME
Personal name Agochiya, Devendra
245 ## - TITLE STATEMENT
Title Every trainer's handbook /
Statement of responsibility, etc by Devendra Agochiya
250 ## - EDITION STATEMENT
Edition statement 2nd ed
260 ## - PUBLICATION, DISTRIBUTION, ETC. (IMPRINT)
Place of publication, distribution, etc New Delhi
Name of publisher, distributor, etc Sage Publications
Date of publication, distribution, etc 2009
270 ## - ADDRESS
Address B/1/I-1, Mohan Cooperative Industrial Area, Mathura Road, New Delhi-110044
City New Delhi
300 ## - PHYSICAL DESCRIPTION
Extent xxvi, 408p.
Dimensions 24cm (pbk)
500 ## - GENERAL NOTE
General note Includes index
942 ## - ADDED ENTRY ELEMENTS (KOHA)
Source of classification or shelving scheme Dewey Decimal Classification
Item type English Books
Call number suffix AGO
Classification part 658.314321
Holdings
Withdrawn status Lost status Not for loan Collection code Home library Current library Date acquired Source of acquisition Cost, normal purchase price Full call number Barcode Copy number Cost, replacement price Koha item type
    Not For Loan Non-fiction D.B.Act.Division D.B.Act.Division 23/07/2010 DBAD/PUB 495.00 AGO EN-80079 1 495.00 English Books

© Delhi Public Library
Hit Counter
free hit counter